The Ultimate Workout Aerobic Fitness Program/ (Record no. 2931)
[ view plain ]
| 000 -LEADER | |
|---|---|
| fixed length control field | 00433nam a22001457a 4500 |
| 005 - DATE AND TIME OF LATEST TRANSACTION | |
| control field | 20250123144037.0 |
| 008 - FIXED-LENGTH DATA ELEMENTS--GENERAL INFORMATION | |
| fixed length control field | 250123b |||||||| |||| 00| 0 eng d |
| 020 ## - INTERNATIONAL STANDARD BOOK NUMBER | |
| International Standard Book Number | 0533014838 |
| 050 ## - LIBRARY OF CONGRESS CALL NUMBER | |
| Classification number | RA781.15 |
| Item number | .S58 |
| 100 ## - MAIN ENTRY--PERSONAL NAME | |
| Personal name | Smith, Kathy |
| 245 ## - TITLE STATEMENT | |
| Title | The Ultimate Workout Aerobic Fitness Program/ |
| Statement of responsibility, etc. | Kathy Smith, photographs by Ken Nahoum |
| 260 ## - PUBLICATION, DISTRIBUTION, ETC. | |
| Place of publication, distribution, etc. | Toronto |
| Name of publisher, distributor, etc. | Bantam Books |
| Date of publication, distribution, etc. | 1983 |
| 300 ## - PHYSICAL DESCRIPTION | |
| Extent | 137p. |
| Other physical details | ill. |
| Dimensions | 27.5cm |
| 942 ## - ADDED ENTRY ELEMENTS (KOHA) | |
| Source of classification or shelving scheme | Library of Congress Classification |
| Koha item type | Books |
| Suppress in OPAC | No |
| 999 ## - | |
| -- | 2931 |
| -- | 2931 |
| Withdrawn status | Lost status | Source of classification or shelving scheme | Damaged status | Not for loan | Collection | Home library | Current library | Shelving location | Date acquired | Total checkouts | Full call number | Barcode | Date last seen | Copy number | Price effective from | Koha item type |
|---|---|---|---|---|---|---|---|---|---|---|---|---|---|---|---|---|
| Library of Congress Classification | Non-fiction | Science Library (Miotso) | Science Library (Miotso) | General stacks | 01/23/2025 | RA781.15 .S58 SMI | SLM00002334 | 01/23/2025 | 1 | 01/23/2025 | Books |